000 01401nam a2200373Ia 4500
001 ebr10448408
003 CaPaEBR
006 m u
007 cr cn|||||||||
008 070917s2002 enka sb 001 0 eng d
010 _z 2007310538
020 _z185788311X
020 _z9781857883114
040 _aCaPaEBR
_cCaPaEBR
035 _a(OCoLC)51844660
050 1 4 _aHD31
_b.S4525 2002eb
082 0 4 _a658.4/038
_222
100 1 _aSherwood, Dennis,
_d1949-
245 1 0 _aSeeing the forest for the trees
_h[electronic resource] :
_ba manager's guide to applying systems thinking /
_cDennis Sherwood.
260 _aLondon :
_bNicholas Brealey Pub.,
_c2002.
300 _axviii, 346 p. :
_bill.
504 _aIncludes bibliographical references (p. [333]-[339]) and index.
533 _aElectronic reproduction.
_bPalo Alto, Calif. :
_cebrary,
_d2011.
_nAvailable via World Wide Web.
_nAccess may be limited to ebrary affiliated libraries.
650 0 _aManagement.
650 0 _aDecision making.
650 0 _aCritical thinking.
650 0 _aStrategic planning.
650 0 _aSystem analysis.
650 0 _aSystem theory.
650 0 _aManagement information systems.
655 7 _aElectronic books.
_2local
710 2 _aebrary, Inc.
856 4 0 _uhttp://site.ebrary.com/lib/rucke/Doc?id=10448408
_zAn electronic book accessible through the World Wide Web; click to view
999 _c137718
_d137718